[Event "Niedersachsen-chT U14"]
[Site "Verden an der Aller"]
[Date "2009.05.24"]
[Round "7.4"]
[White "Keese, Tobias"]
[Black "Manusina, Nicole"]
[Result "0-1"]
[WhiteElo "853"]
[BlackElo "1641"]
[PlyCount "58"]
[EventDate "2009.05.21"]
[EventType "team-tourn"]
[EventRounds "7"]
[EventCountry "GER"]
[SourceTitle "EXT 2010"]
[Source "ChessBase"]
[SourceDate "2010.11.25"]
[SourceVersion "1"]
[SourceVersionDate "2010.11.25"]
[SourceQuality "1"]
[WhiteTeam "Ricklingen"]
[BlackTeam "Hannover Polizei"]
[WhiteTeamCountry "GER"]
[BlackTeamCountry "GER"]

1. f4 d5 2. Nc3 c5 3. e4 d4 4. Nd5 e6 5. Bc4 exd5 6. Bxd5 Nf6 7. c4 dxc3 8. dxc3 Nxd5 9. exd5 b6 10. Nf3 Bb7 11. c4 Be7 12. 0-0 0-0 13. Qd3 b5 14. Ng5 Bxg5 15. fxg5 bxc4 16. Qxc4 Ba6 17. Qe4 Bxf1 18. Kxf1 Re8 19. Qf3 Nd7 20. Qg3 Qb8 21. Qc3 Qb5+ 22. Kg1 Qb4 23. Qg3 Qd4+ 24. Be3 Rxe3 25. Qf2 Rd3 26. Re1 Qxf2+ 27. Kxf2 Rd2+ 28. Kf1 Rxd5 29. Re7 Nb6 0-1

[Event "Niedersachsen-chT U14"]
[Site "Verden an der Aller"]
[Date "2009.05.22"]
[Round "4.4"]
[White "Keese, Tobias"]
[Black "Brannys, Peter"]
[Result "0-1"]
[WhiteElo "853"]
[BlackElo "913"]
[PlyCount "44"]
[EventDate "2009.05.21"]
[EventType "team-tourn"]
[EventRounds "7"]
[EventCountry "GER"]
[SourceTitle "EXT 2010"]
[Source "ChessBase"]
[SourceDate "2010.11.25"]
[SourceVersion "1"]
[SourceVersionDate "2010.11.25"]
[SourceQuality "1"]
[WhiteTeam "Ricklingen"]
[BlackTeam "Bueckeburg"]
[WhiteTeamCountry "GER"]
[BlackTeamCountry "GER"]

1. c4 e5 2. Nc3 Nf6 3. g3 d5 4. Nxd5 Nxd5 5. cxd5 Qxd5 6. Nf3 Nc6 7. Bg2 Qd8 8. b3 Be7 9. Bb2 Bf6 10. 0-0 0-0 11. e3 Bg4 12. h3 Bxf3 13. Bxf3 Qd7 14. Bg2 Rad8 15. Bc3 a5 16. a4 Qd3 17. Ra2 Rd6 18. Re1 Rb8 19. f4 exf4 20. exf4 Bxc3 21. Bf1 Bd4+ 22. Kh1 Qxg3 0-1

[Event "Hannover-ch U14"]
[Site "Lehrte"]
[Date "2008.10.13"]
[Round "6"]
[White "Keese, Tobias"]
[Black "Mueller, Christian6666"]
[Result "0-1"]
[WhiteElo "887"]
[BlackElo "990"]
[PlyCount "118"]
[EventDate "2008.10.11"]
[EventType "swiss"]
[EventRounds "7"]
[EventCountry "GER"]
[SourceTitle "EXT 2021"]
[Source "ChessBase"]
[SourceDate "2020.10.23"]
[SourceVersion "1"]
[SourceVersionDate "2020.10.23"]
[SourceQuality "1"]

1. c4 e5 2. Nc3 Nf6 3. g3 d5 4. cxd5 Nxd5 5. Bg2 Nxc3 6. bxc3 Nc6 7. Nf3 Bg4 8. h3 Bxf3 9. Bxf3 Bd6 10. 0-0 Qd7 11. Bg2 0-0 12. d4 exd4 13. cxd4 Kh8 14. Rb1 Rab8 15. d5 Ne7 16. Bg5 f5 17. e3 h6 18. Bxe7 Qxe7 19. Re1 Qd7 20. e4 f4 21. e5 Be7 22. e6 Qd6 23. gxf4 Qxf4 24. Re2 Bd6 25. e7 Rfe8 26. Re4 Qf7 27. Qf3 Rxe7 28. Qxf7 Rxf7 29. Re6 Rbf8 30. Re2 Bc5 31. Rf1 g5 32. a4 h5 33. Rc2 Bd4 34. Rd2 Bb6 35. Ra2 a5 36. Kh1 Rxf2 37. Raxf2 Rxf2 38. Rxf2 Bxf2 39. Bf3 h4 40. Kg2 Bg3 41. d6 cxd6 42. Bxb7 Kg7 43. Kf3 Kf6 44. Ke4 Kg6 45. Kd5 Kh5 46. Kc4 g4 47. hxg4+ Kxg4 48. Bc8+ Kf3 49. Kb5 Be1 50. Bb7+ Kg3 51. Kc6 h3 52. Kxd6 h2 53. Kc5 Kf2 54. Kb5 Kg1 55. Kc4 Kf1 56. Kd3 Kg1 57. Ke2 Bg3 58. Kf3 h1Q+ 59. Kxg3 Qxb7 0-1

[Event "Hannover-ch U14"]
[Site "Lehrte"]
[Date "2008.10.13"]
[Round "5"]
[White "Keese, Tobias"]
[Black "Nolte, Felix"]
[Result "1-0"]
[WhiteElo "887"]
[BlackElo "831"]
[PlyCount "69"]
[EventDate "2008.10.11"]
[EventType "swiss"]
[EventRounds "7"]
[EventCountry "GER"]
[SourceTitle "EXT 2021"]
[Source "ChessBase"]
[SourceDate "2020.10.23"]
[SourceVersion "1"]
[SourceVersionDate "2020.10.23"]
[SourceQuality "1"]

1. c4 e5 2. Nc3 Nf6 3. g3 Bb4 4. Bg2 Bxc3 5. dxc3 d6 6. e3 Bg4 7. Ne2 Bf5 8. 0-0 0-0 9. f3 d5 10. cxd5 Qxd5 11. Qxd5 Nxd5 12. e4 Nb6 13. exf5 N8d7 14. f4 exf4 15. Bxb7 f3 16. Rxf3 Ne5 17. Bxa8 Nxf3+ 18. Bxf3 Nd7 19. b4 Rd8 20. Bg5 f6 21. Bf4 c5 22. Rd1 Rf8 23. Rxd7 cxb4 24. Bd5+ Kh8 25. Bd6 Re8 26. cxb4 h6 27. Nf4 Re1+ 28. Kf2 Re8 29. Bf7 Re4 30. Bg6 Re8 31. Bxe8 g6 32. Bxg6 Kg8 33. Rd8+ Kg7 34. Bf8+ Kg8 35. Bxh6# 1-0

[Event "Niedersachsen-chT U12"]
[Site "Verden an der Aller"]
[Date "2008.05.01"]
[Round "5.1"]
[White "Keese, Tobias"]
[Black "Grigorian, Spartak"]
[Result "0-1"]
[WhiteElo "931"]
[BlackElo "1470"]
[PlyCount "55"]
[EventDate "2008.05.01"]
[EventType "team"]
[EventRounds "7"]
[EventCountry "GER"]
[SourceTitle "EXT 2009"]
[Source "ChessBase"]
[SourceDate "2008.11.26"]
[SourceVersion "1"]
[SourceVersionDate "2008.11.26"]
[SourceQuality "1"]

1. c4 c5 2. Nc3 Nc6 3. g3 g6 4. Bg2 Bg7 5. e3 e5 6. Nge2 Nge7 7. 0-0 0-0 8. b3 d6 9. Rb1 Rb8 10. a3 a5 11. h3 Be6 12. Nb5 d5 13. cxd5 Nxd5 14. Bb2 Nc7 15. Nbc3 f5 16. f4 e4 17. Nc1 Rf7 18. d3 Rd7 19. Rf2 c4 20. Re2 cxd3 21. Bf1 Nd5 22. Nxd5 Bxd5 23. Bxg7 Kxg7 24. Kf2 Qb6 25. h4 Rdd8 26. Rbb2 Na7 27. Nxd3 exd3 28. Qxd3 0-1

[Event "Niedersachsen-chT U12"]
[Site "Verden an der Aller"]
[Date "2008.05.01"]
[Round "7.1"]
[White "Keese, Tobias"]
[Black "Stoeppel, Niklas"]
[Result "0-1"]
[WhiteElo "931"]
[BlackElo "937"]
[PlyCount "148"]
[EventDate "2008.05.01"]
[EventType "team"]
[EventRounds "7"]
[EventCountry "GER"]
[SourceTitle "EXT 2009"]
[Source "ChessBase"]
[SourceDate "2008.11.26"]
[SourceVersion "1"]
[SourceVersionDate "2008.11.26"]
[SourceQuality "1"]

1. c4 c5 2. Nc3 Nc6 3. g3 g6 4. Bg2 Bg7 5. e3 Nf6 6. Nge2 0-0 7. 0-0 e6 8. d4 d5 9. dxc5 dxc4 10. Qxd8 Rxd8 11. a3 Nd5 12. Rd1 Nxc3 13. Rxd8+ Nxd8 14. Nxc3 Rb8 15. b4 Bxc3 16. Ra2 b6 17. cxb6 axb6 18. Rc2 Bg7 19. Rxc4 Bb7 20. Bf1 Nc6 21. Rc2 Ne5 22. Be2 Ra8 23. Rc7 Rb8 24. f4 Nf3+ 25. Kf2 Nxh2 26. Kg1 Nf3+ 27. Kf2 Ne5 28. fxe5 Bxe5 29. Rc4 Rc8 30. a4 Rxc4 31. Bxc4 Bc7 32. Bd2 Bc6 33. a5 Kf8 34. axb6 Bxb6 35. b5 Bd5 36. Bxd5 exd5 37. Kf3 Ke7 38. e4 dxe4+ 39. Kxe4 Kd6 40. Bf4+ Kc5 41. Ke5 Bd8 42. Be3+ Kxb5 43. Kd6 Bf6 44. Bf4 Bd8 45. Be5 f6 46. Bd4 Kc4 47. Ba1 Kd3 48. Bb2 Ke3 49. Bc1+ Kf3 50. Bf4 g5 51. Bd2 Kxg3 52. Ke6 g4 53. Kf5 h5 54. Ke4 h4 55. Be1+ Kh3 56. Ke3 Bb6+ 57. Ke2 g3 58. Bf2 Bxf2 59. Kf1 g2+ 60. Kxf2 Kh2 61. Kf3 g1Q 62. Kf4 Qc5 63. Ke4 Kg2 64. Kd3 Qe7 65. Kd4 h3 66. Kd5 h2 67. Kc4 h1R 68. Kd5 Rd1+ 69. Kc6 Qe2 70. Kc5 Qc2+ 71. Kb4 Qc1 72. Kb3 Rd7 73. Kb4 Rb7+ 74. Ka5 Qa1# 0-1

[Event "Hannover-ch U12"]
[Site "Bueckeburg"]
[Date "2007.11.01"]
[Round "1"]
[White "Barnewitz, Max Otto"]
[Black "Keese, Tobias"]
[Result "1-0"]
[WhiteElo "726"]
[BlackElo "956"]
[PlyCount "125"]
[EventDate "2007.11.01"]
[EventType "swiss"]
[EventRounds "7"]
[EventCountry "GER"]
[SourceTitle "EXT 2021"]
[Source "ChessBase"]
[SourceDate "2020.10.23"]
[SourceVersion "1"]
[SourceVersionDate "2020.10.23"]
[SourceQuality "1"]

1. e4 c5 2. Bc4 Nc6 3. Nf3 g6 4. 0-0 Bg7 5. Nc3 e6 6. d3 Nge7 7. Bg5 0-0 8. Bxe7 Qxe7 9. Nb5 Nd4 10. Nfxd4 cxd4 11. Nc7 Rb8 12. h3 Qd6 13. Nb5 Qf4 14. g3 Qh6 15. Kh2 a6 16. Nd6 Be5 17. Nxc8 Rbxc8 18. Rg1 b5 19. Bb3 Rcd8 20. a4 b4 21. Qc1 Qxc1 22. Raxc1 d5 23. f4 Bf6 24. e5 Be7 25. c3 bxc3 26. bxc3 dxc3 27. Rxc3 d4 28. Rc2 Rb8 29. Bc4 Rbc8 30. Rgc1 Ba3 31. Bxa6 Bxc1 32. Rxc8 Rxc8 33. Bxc8 Kf8 34. a5 Ba3 35. g4 Bb4 36. a6 Bc5 37. f5 exf5 38. gxf5 g5 39. Kg3 h5 40. h4 g4 41. Bb7 Kg7 42. Kf4 f6 43. Ke4 Kf7 44. Kd5 Ba7 45. e6+ Ke7 46. Kc6 g3 47. Kc7 Bc5 48. Bg2 Ba7 49. Kb7 Bc5 50. a7 Bxa7 51. Kxa7 Kd6 52. Kb6 Ke7 53. Kc5 Kd8 54. Kd6 Ke8 55. e7 Kf7 56. Kd7 Kg7 57. e8Q Kh7 58. Ke7 Kg7 59. Qf7+ Kh8 60. Qxh5+ Kg7 61. Qg4+ Kh7 62. Kf7 Kh8 63. Qg7# 1-0

[Event "Hannover-ch U12"]
[Site "Lehrte"]
[Date "2006.10.15"]
[Round "4"]
[White "Keese, Tobias"]
[Black "Warnecke, Jan Niklas"]
[Result "0-1"]
[WhiteElo "761"]
[BlackElo "953"]
[PlyCount "98"]
[EventDate "2006.10.14"]
[EventType "swiss"]
[EventRounds "7"]
[EventCountry "GER"]
[SourceTitle "EXT 2021"]
[Source "ChessBase"]
[SourceDate "2020.10.23"]
[SourceVersion "1"]
[SourceVersionDate "2020.10.23"]
[SourceQuality "1"]

1. e4 d6 2. Bc4 Nf6 3. Nf3 Nxe4 4. d3 Nf6 5. 0-0 g6 6. Nc3 Bg7 7. h3 0-0 8. Ng5 c5 9. Nge4 Nh5 10. Nd5 Be6 11. Bg5 Bxd5 12. Bxd5 Nc6 13. Re1 Bxb2 14. Rb1 Bf6 15. Bxf6 Nxf6 16. Bxc6 bxc6 17. Nxf6+ exf6 18. c4 Kg7 19. Qd2 Re8 20. Rxe8 Qxe8 21. Re1 Qd7 22. Re4 Qf5 23. Rg4 h5 24. Rf4 Qe5 25. d4 cxd4 26. Qxd4 Qxd4 27. Rxd4 Rd8 28. c5 d5 29. Kh2 Kf8 30. Kg3 Ke7 31. Kf4 Ke6 32. g4 g5+ 33. Kf3 Ke5 34. Ke3 hxg4 35. hxg4 f5 36. f3 f4+ 37. Kd3 f5 38. gxf5 Kxf5 39. a4 Re8 40. Kc3 Re3+ 41. Rd3 Rxd3+ 42. Kxd3 g4 43. fxg4+ Kxg4 44. Ke2 f3+ 45. Kf2 Kf4 46. a5 d4 47. a6 d3 48. Ke1 Ke3 49. Kd1 f2 0-1

[Event "Hannover-ch U12"]
[Site "Lehrte"]
[Date "2006.10.14"]
[Round "1"]
[White "Bounine, Daniel"]
[Black "Keese, Tobias"]
[Result "1-0"]
[WhiteElo "1235"]
[BlackElo "761"]
[PlyCount "65"]
[EventDate "2006.10.14"]
[EventType "swiss"]
[EventRounds "7"]
[EventCountry "GER"]
[SourceTitle "EXT 2021"]
[Source "ChessBase"]
[SourceDate "2020.10.23"]
[SourceVersion "1"]
[SourceVersionDate "2020.10.23"]
[SourceQuality "1"]

1. e4 c5 2. Nf3 Nc6 3. d4 cxd4 4. Nxd4 Ne5 5. Nc3 g6 6. Bf4 Bg7 7. Be2 Nh6 8. Qd2 Nhg4 9. h3 Nf6 10. Bxe5 d6 11. Bb5+ Bd7 12. Bxd7+ Qxd7 13. Bg3 0-0 14. 0-0 e5 15. Nf3 Nxe4 16. Nxe4 d5 17. Nc3 d4 18. Bxe5 Bxe5 19. Nxe5 Qd6 20. Nf3 Rad8 21. Ne4 Qb6 22. b3 Rfe8 23. Rfe1 f5 24. Ng3 Rxe1+ 25. Rxe1 Qa6 26. a4 d3 27. Ne5 Qb6 28. Nxd3 Qc6 29. Qg5 Qe8 30. Rxe8+ Rxe8 31. Nxf5 Rc8 32. Ne7+ Kf8 33. Nxc8 1-0